Statistics for USA Or Canada - Very Easy/Easy

Click here to take the quiz!

General Stats

  • This quiz has been taken 208 times
    (191 since last reset)
  • The average score is 12 of 15

Answer Stats

QuestionAnswer% Correct
What Country has statesUSA
99%
Who countries leader’s Donald trumpUSA
99%
Which one has more peopleUSA
96%
Which one has SeattleUSA
95%
What country has providencesCanada
94%
Which one has TorontoCanada
94%
Who has the streotype of maple Syrup.Canada
93%
What has control of Puerto RicoUSA
93%
Which one is larger (including water)Canada
91%
Which country has the largest city of these twoUSA
88%
Who has the most lakesCANADA
86%
Who has the great lakesUSA
54%
What is 4x4-5x2-19+4x2=14
48%
Which one has Vancouverboth
34%
What is the has the largest (state) American only inclueded the Lower 48Canada
19%

Score Distribution

Percentile by Number Answered

Percent of People with Each Score

Your Score History

You have not taken this quiz since the last reset